Statistics for FIFA 22 Road to the Knockouts

Click here to take the quiz!

General Stats

  • This quiz has been taken 27 times
    (20 since last reset)
  • The average score is 11 of 37

Answer Stats

Base RatingClubPlayer% Correct
90TottenhamHeung Min Son
100%
89BarcelonaFrenkie de Jong
70%
89PSGMarquinhos
70%
88Bayern MunichLeroy Sane
60%
89Borussia DortmundMarco Reus
60%
88LiverpoolAndrew Robertson
40%
88LazioCiro Immobile
40%
86Real BetisNabil Fekir
40%
84RomaStephan El Shaarawy
40%
85Inter MilanArturo Vidal
30%
88Manchester CityBernardo Silva
30%
86FrankfurtFilip Kostic
30%
85Manchester UnitedFred
30%
83MarseilleJordan Amavi
30%
82BenficaLucas Verissimo
30%
84NapoliMatteo Politano
30%
84Union BerlinMax Kruse
30%
84Real MadridRodrygo
30%
84AC MilanSandro Tonali
30%
84VillarealArnaut Danjuma
20%
83LilleBenjamin Andre
20%
84Bayer LeverkusenEdmond Tapsoba
20%
84RennesHamari Traore
20%
83West HamIssa Diop
20%
87SevillaJesus Navas
20%
87JuventusMatthijs de Ligt
20%
84VFL WolfsburgMaximilian Arnold
20%
88ChelseaTimo Werner
20%
82PortoWilson Manafa
20%
86Leicester CityYouri Tielemans
20%
86Real SociedadAlexander Isak
10%
82BesiktasAlex Teixeira
10%
82AtalantaJoakim Maehle
10%
82MonacoKrepin Diatta
10%
84RB LeipzigNordi Mukiele
10%
85Atletico MadridRenan Lodi
10%
82AjaxRyan Gravenberch
10%

Score Distribution

Percentile by Number Answered

Percent of People with Each Score

Your Score History

You have not taken this quiz since the last reset